000 00336pab a2200145 454500
008 180718b1999 xxu||||| |||| 00| 0 eng d
100 _aRathod, P.B.
245 _aWomen and political representation
260 _c1999
300 _ap.33-35
362 _aMay-Jun
650 _aWomen in politics
773 _aManushi
909 _a41763
999 _c41763
_d41763